| 000 | 00468nam a22001697a 4500 | ||
|---|---|---|---|
| 003 | OSt | ||
| 005 | 20140310181750.0 | ||
| 008 | 130627t xxu||||| |||| 00| 0 eng d | ||
| 050 |
_aRG 734 _b.F316 1989 |
||
| 082 |
_aFIL 363.46 _bF335 1989 |
||
| 100 | _aFelix, Gloria | ||
| 245 |
_aMother, why did you kill us? / _cGloria Felix |
||
| 260 |
_aPasay City, Philippines : _bDaughters of St. Paul, _c1989. |
||
| 300 |
_a52 p. : _c18 cm. |
||
| 942 |
_2lcc _cBK |
||
| 999 |
_c3196 _d3196 |
||